1945 1761 1061 1812 1641 1065 1974 1905 1937 1159 1157 1653 1918 1759 1491 1126 1899 1550 1374 1558 1257 1061 1054 1052 1530 1354 1027 1608 1194 1343 1151 1120 1356 1010 1033 1747 1191 1522 1774 1236 1785 1992 1599 1759 1966 1478 1572 1167 1270 1659 1746 1595 1213 1183 1691 1291 1011 1289 1883 1403 1150 1966 1480 1650 1310 1054 1713 1995 1766 1914 1597 1933 1488 1218 1269 1218 1502 1141 1316 1733 1099 1683 1437 1739 1855 1660 1858 1060 1814 1716 1900 1504 1116 1384 1437 1058 1905 1348 1419 BCNSPRNW ULIB Ver.6.0+V

เปลี่ยนเป็นภาษาไทย

Change to English
 แสดงรายละเอียดบรรณานุกรม
  กลับหน้าหลัก

Brief Record : Get Marc (ISO 2709) : E-mail record : QR code < ปิดหน้าต่าง
LEADER : 00000nam 2200000uu 4500
001    13399126301
003     ULIB
008    180905s2560||||th 000 0 tha d
020    ^a9786164380028
060    ^aWV250^bห618ห
100    ^aขวัญชนก ยิ้มแต้
245    ^aหูชั้นใน=The Inner Ear
260    ^aขอนแก่น :^bภาควิชาโสต ศอ นาสิกวิทยา คณะแพทยศาสตร์ มหาวิทยาลัยขอนแก่น,^c2560
650    ^aหู
650    ^aหูชั้นใน
650    ^aหู--โรค--การรักษา
945    ^p300^l0^i26518
945    ^p300^l0^i26955
945    ^p300^l0^i26956
945    ^p300^l0^i26517
999    ^aกัณชพร จุลอักษร
รายการนี้ยังไม่มีแท็ก
คุณยังไม่ได้ล็อกอิน คุณสามารถมีกิจกรรมร่วมกับเว็บไซต์ได้ แต่ต้องล็อกอินก่อน ::
  ล็อกอิน

รายการสื่อสารสนเทศ

ลำดับที่ ประเภท เลขเรียก/บาร์โค้ด สถานที่ สถานะ
1. หนังสือสำรอง
หนังสือสำรอง
WV250 ห618ห ฉ.1 
  Barcode: 26517
ห้องสมุดวิทยาเขตนครสวรรค์
►หนังสือทั่วไป:l:General Books
บนชั้น
2. วิทยาศาสตร์การแพทย์ และสุขภาพ
วิทยาศาสตร์การแพทย์ และสุขภาพ
WV250 ห618ห ฉ.2 
  Barcode: 26518
ห้องสมุดวิทยาเขตนครสวรรค์
►หนังสือทั่วไป:l:General Books
บนชั้น
3. วิทยาศาสตร์การแพทย์ และสุขภาพ
วิทยาศาสตร์การแพทย์ และสุขภาพ
WV250 ห618ห ฉ.3 
  Barcode: 26955
ห้องสมุดวิทยาเขตนครสวรรค์
►หนังสือทั่วไป:l:General Books
บนชั้น
4. วิทยาศาสตร์การแพทย์ และสุขภาพ
วิทยาศาสตร์การแพทย์ และสุขภาพ
WV250 ห618ห ฉ.4 
  Barcode: 26956
ห้องสมุดวิทยาเขตนครสวรรค์
►หนังสือทั่วไป:l:General Books
บนชั้น

รายการใกล้เคียง
    ชื่อเรื่อง [หูชั้นใน=The Inner Ear]

    หัวเรื่อง [หู]
    หัวเรื่อง [หูชั้นใน]
    หัวเรื่อง [หู--โรค--การรักษา]

BibComment


ยังไม่เคยถูกคอมเมนท์

คอมเมนท์ทรัพยากรรายการนี้
  คอมเมนท์: หูชั้นในThe Inne..


 Copyright 2026. Bcnsprnw @Library